Способы оценки площади оптической неоднородности на плоском изделии на основе анализа фотоизображений; Качество - стратегия XXI века
| Parent link: | Качество - стратегия XXI века.— 2014.— [С. 115-123] |
|---|---|
| Autor principal: | |
| Autor Corporativo: | |
| Outros Autores: | , , |
| Resumo: | Заглавие с экрана Приведен способ измерения площади оптической неоднородности на плоском изделии на основе анализа фотографических изображений. Предложен алгоритм уточнения оценки площади контрастной области на основе учёта граничных эффектов. Исследовано влияние различных факторов, снижающих точность оценки площади. Обсуждены области применения предлагаемого способа. |
| Idioma: | russo |
| Publicado em: |
2014
|
| coleção: | Безопасность и контроль качества: технологии, приборы и оборудование |
| Assuntos: | |
| Acesso em linha: | http://earchive.tpu.ru/handle/11683/23489 http://www.lib.tpu.ru/fulltext/c/2014/C10/033.pdf |
| Formato: | MixedMaterials Recurso Eletrônico Capítulo de Livro |
| KOHA link: | https://koha.lib.tpu.ru/cgi-bin/koha/opac-detail.pl?biblionumber=614028 |
MARC
| LEADER | 00000naa2a2200000 4500 | ||
|---|---|---|---|
| 001 | 614028 | ||
| 005 | 20231101132804.0 | ||
| 035 | |a (RuTPU)RU\TPU\conf\12186 | ||
| 035 | |a RU\TPU\conf\12184 | ||
| 090 | |a 614028 | ||
| 100 | |a 20150904d2014 k y0rusy50 ca | ||
| 101 | 0 | |a rus | |
| 102 | |a RU | ||
| 105 | |a y z 100zy | ||
| 135 | |a drcn ---uucaa | ||
| 181 | 0 | |a i | |
| 182 | 0 | |a b | |
| 200 | 1 | |a Способы оценки площади оптической неоднородности на плоском изделии на основе анализа фотоизображений |f О. С. Осипов, А. А. Алибекова, Д. В. Чесноков |g науч. рук. С. П. Осипов | |
| 203 | |a Текст |c электронный | ||
| 215 | |a 1 файл (335 Кб) | ||
| 225 | 1 | |a Безопасность и контроль качества: технологии, приборы и оборудование | |
| 230 | |a Электронные текстовые данные (1 файл : 335 Кб) | ||
| 300 | |a Заглавие с экрана | ||
| 320 | |a [Библиогр.: с. 123 (9 назв.)] | ||
| 330 | |a Приведен способ измерения площади оптической неоднородности на плоском изделии на основе анализа фотографических изображений. Предложен алгоритм уточнения оценки площади контрастной области на основе учёта граничных эффектов. Исследовано влияние различных факторов, снижающих точность оценки площади. Обсуждены области применения предлагаемого способа. | ||
| 337 | |a Adobe Reader | ||
| 463 | 1 | |0 (RuTPU)RU\TPU\conf\11901 |t Качество - стратегия XXI века |o сборник научных трудов XIX Всероссийской научно-практической конференции, г. Томск, 9-12 декабря 2014 г. |f Национальный исследовательский Томский политехнический университет (ТПУ) |v [С. 115-123] |d 2014 | |
| 610 | 1 | |a электронный ресурс | |
| 610 | 1 | |a труды учёных ТПУ | |
| 610 | 1 | |a оптическая неоднородность | |
| 610 | 1 | |a фотоизображения | |
| 610 | 1 | |a цветные изображения | |
| 610 | 1 | |a оптический контраст | |
| 610 | 1 | |a цветной контраст | |
| 610 | 1 | |a плотность | |
| 700 | 1 | |a Осипов |b О. С. |c специалист в области неразрушающего контроля |c инженер-исследователь Томского политехнического университета |f 1984- |g Олег Сергеевич |2 stltpush |3 (RuTPU)RU\TPU\pers\35086 | |
| 701 | 1 | |a Алибекова |b А. А. | |
| 701 | 1 | |a Чесноков |b Д. В. | |
| 702 | 1 | |a Осипов |b С. П. |c специалист в области неразрушающего контроля |c ведущий научный сотрудник Томского политехнического университета, кандидат технических наук |f 1958- |g Сергей Павлович |2 stltpush |4 727 | |
| 712 | 0 | 2 | |a Национальный исследовательский Томский политехнический университет (ТПУ) |b Институт неразрушающего контроля (ИНК) |b Лаборатория № 40 (Технической томографии и интроскопии) (Лаборатория № 40) |h 6776 |2 stltpush |3 (RuTPU)RU\TPU\col\20619 |
| 801 | 1 | |a RU |b 63413507 |c 20101016 | |
| 801 | 2 | |a RU |b 63413507 |c 20210413 |g RCR | |
| 856 | 4 | |u http://earchive.tpu.ru/handle/11683/23489 | |
| 856 | 4 | |u http://www.lib.tpu.ru/fulltext/c/2014/C10/033.pdf | |
| 942 | |c BK | ||